[Event "35 Open Andorra"]
[Site "Escaldes-Engordany"]
[Date "2017.07.30"]
[Round "9.2"]
[White "Kaspi, Alexander"]
[Black "Ben Artzi, Ido"]
[Result "1-0"]
[WhiteElo "2435"]
[BlackElo "2380"]
[PlyCount "75"]
[EventDate "2017.??.??"]
[WhiteClock "0:03:20"]
[BlackClock "0:00:31"]

1. d4 Nf6 2. c4 g6 3. f3 e6 4. Nc3 d5 5. cxd5 exd5 6. e4 dxe4 7. fxe4 Bb4 8.
Bd3 Nxe4 9. Bxe4 Bxc3+ 10. bxc3 Qh4+ 11. Kf1 Qxe4 12. Nf3 Bg4 13. Kf2 Bxf3 14.
gxf3 Qh4+ 15. Kg2 O-O 16. Re1 Nd7 17. Re4 Qh5 18. Re7 Rad8 19. Qe2 Nf6 20. Bd2
Rfe8 21. Re1 Qh4 22. Qb5 Rxe7 23. Rxe7 b6 24. Bg5 Qh5 25. Re5 Ng4 26. fxg4
Qxg4+ 27. Kf2 Rf8 28. Qe2 Qh3 29. Be3 Qxh2+ 30. Ke1 Qg3+ 31. Kd2 h5 32. Bh6 Rd8
33. Kc2 Kh7 34. Bd2 Rd7 35. Re8 c5 36. Ra8 cxd4 37. Qe8 d3+ 38. Kb2 1-0

[Event "35 Open Andorra"]
[Site "Escaldes-Engordany"]
[Date "2017.07.30"]
[Round "9.3"]
[White "Jerez Perez, Alfonso"]
[Black "Kobo, Ori"]
[Result "1/2-1/2"]
[WhiteElo "2405"]
[BlackElo "2494"]
[PlyCount "72"]
[EventDate "2017.??.??"]
[WhiteClock "0:22:05"]
[BlackClock "0:04:12"]

1. Nf3 d5 2. g3 g6 3. Bg2 Bg7 4. d4 Nd7 5. O-O Ngf6 6. Nbd2 O-O 7. c4 dxc4 8.
Nxc4 Nb6 9. Nce5 c6 10. b3 Bf5 11. Bb2 Nfd7 12. Nxd7 Qxd7 13. e3 Bh3 14. Qe2
Bxg2 15. Kxg2 a5 16. Rac1 a4 17. b4 a3 18. Ba1 Nd5 19. Rb1 f5 20. b5 Rfc8 21.
Rb3 Qe6 22. Ng5 Qf6 23. e4 fxe4 24. Nxe4 Qe6 25. Re1 b6 26. Nc3 Qxe2 27. Rxe2
Nxc3 28. Bxc3 cxb5 29. Bb4 Bxd4 30. Bxa3 e6 31. Bd6 Rc6 32. Bf4 Ra5 33. Rd3 Ra4
34. Rb3 b4 35. Rd3 Bf6 36. Rd7 Ra8 1/2-1/2

[Event "35 Open Andorra"]
[Site "Escaldes-Engordany"]
[Date "2017.07.30"]
[Round "9.4"]
[White "Edouard, Romain"]
[Black "Iniyan, P."]
[Result "0-1"]
[WhiteElo "2622"]
[BlackElo "2380"]
[PlyCount "82"]
[EventDate "2017.??.??"]
[WhiteClock "0:36:53"]
[BlackClock "0:47:21"]

1. d4 Nf6 2. c4 g6 3. Nc3 Bg7 4. e4 d6 5. Nf3 O-O 6. Be2 e5 7. O-O Nc6 8. d5
Ne7 9. a4 a5 10. Ne1 Nd7 11. Nd3 f5 12. f3 f4 13. b3 g5 14. Ba3 b6 15. b4 axb4
16. Bxb4 Nb8 17. Nb5 Na6 18. Bc3 c6 19. dxc6 Nxc6 20. Nxf4 exf4 21. Qd5+ Rf7
22. Nxd6 Bxc3 23. Qxf7+ Kh8 24. Qd5 Bd4+ 25. Kh1 Qd7 26. Nxc8 Qxc8 27. Rad1
Nab4 28. Qxg5 Qc7 29. g3 Nc2 30. Rd2 fxg3 31. Qxg3 Qxg3 32. hxg3 Ne3 33. Rc1
Rg8 34. Kh2 Rg6 35. f4 Rh6+ 36. Kg1 Bc5 37. Rd7 Ng4+ 38. Kg2 Rh2+ 39. Kf1 Ne3+
40. Kg1 Rxe2 41. Kh1 Ng4 0-1

[Event "35 Open Andorra"]
[Site "Escaldes-Engordany"]
[Date "2017.07.30"]
[Round "9.5"]
[White "Suarez Gomez, Julio"]
[Black "Zanan, Evgeny"]
[Result "1/2-1/2"]
[WhiteElo "2474"]
[BlackElo "2428"]
[PlyCount "75"]
[EventDate "2017.??.??"]
[WhiteClock "0:04:52"]
[BlackClock "0:08:00"]

1. e4 e5 2. Nf3 Nc6 3. Bb5 a6 4. Bxc6 dxc6 5. O-O f6 6. d4 Bg4 7. c3 Qe7 8. h3
Bh5 9. dxe5 fxe5 10. Re1 Nf6 11. Na3 h6 12. Nc4 Nd7 13. Qd3 Qe6 14. Nfd2 O-O-O
15. Qg3 Be7 16. b3 g5 17. Nf3 Rhf8 18. Nh2 Nc5 19. Qxe5 Qxe5 20. Nxe5 Bf6 21.
Ba3 Bxe5 22. Bxc5 Rfe8 23. Bd4 Bxd4 24. cxd4 Rxd4 25. f3 a5 26. Nf1 a4 27. Ne3
Bg6 28. Ng4 h5 29. Ne3 c5 30. Rac1 b6 31. Rc3 Rd2 32. Ra1 axb3 33. axb3 Kb7 34.
Rac1 Rd4 35. Nc2 Rd2 36. Ne3 Rd4 37. Nc2 Rd2 38. Ne3 1/2-1/2

[Event "35 Open Andorra"]
[Site "Escaldes-Engordany"]
[Date "2017.07.30"]
[Round "9.6"]
[White "Santos Latasa, Jaime"]
[Black "Fell, Sebastian"]
[Result "1-0"]
[WhiteElo "2542"]
[BlackElo "2343"]
[PlyCount "73"]
[EventDate "2017.??.??"]
[WhiteClock "0:57:05"]
[BlackClock "0:14:17"]

1. e4 e6 2. d4 d5 3. Nc3 Nc6 4. e5 f6 5. exf6 Nxf6 6. Nf3 Bd6 7. Bb5 O-O 8. O-O
Bd7 9. Re1 Qe8 10. Bf1 a6 11. Ne5 Bxe5 12. dxe5 Nh5 13. g3 Qf7 14. f4 g6 15.
Bg2 Rad8 16. b3 Ne7 17. a4 Kh8 18. Qd2 Bc6 19. Bb2 Ng7 20. Ne2 Ngf5 21. Rad1 h5
22. Nd4 Nxd4 23. Bxd4 Nf5 24. Bf2 Kg7 25. h3 Rd7 26. Rf1 Qe7 27. Qa5 Qd8 28.
Qc5 Kg8 29. Rd3 Qa8 30. g4 hxg4 31. hxg4 Nh6 32. Bh4 Rdf7 33. Bg5 Rh7 34. Rh3
Nxg4 35. Rxh7 Kxh7 36. Qe7+ Kh8 37. Rf3 1-0

[Event "35 Open Andorra"]
[Site "Escaldes-Engordany"]
[Date "2017.07.30"]
[Round "9.7"]
[White "Comas Fabrego, Lluis"]
[Black "Kogan, Arthur"]
[Result "0-1"]
[WhiteElo "2481"]
[BlackElo "2529"]
[PlyCount "42"]
[EventDate "2017.??.??"]
[WhiteClock "0:07:04"]
[BlackClock "0:15:57"]

1. Nf3 d5 2. c4 d4 3. g3 Nc6 4. Bg2 e5 5. d3 Bb4+ 6. Nbd2 a5 7. O-O Nf6 8. Ne1
O-O 9. Nc2 Bf5 10. Nxb4 axb4 11. f4 Qe7 12. fxe5 Qxe5 13. Nf3 Qc5 14. h3 Rfe8
15. a3 bxa3 16. bxa3 Bd7 17. Rb1 Nd8 18. Rf2 Ra6 19. Qd2 h6 20. Qb4 Qa7 21. c5
Ra4 0-1

[Event "35 Open Andorra"]
[Site "Escaldes-Engordany"]
[Date "2017.07.30"]
[Round "9.8"]
[White "Del Rio De Angelis, Salvador G"]
[Black "Hansen, Torbjorn Ringdal"]
[Result "1-0"]
[WhiteElo "2522"]
[BlackElo "2429"]
[PlyCount "79"]
[EventDate "2017.??.??"]
[WhiteClock "1:16:07"]
[BlackClock "0:07:15"]

1. d4 Nf6 2. Nf3 d5 3. c4 e6 4. Nc3 Bb4 5. g3 O-O 6. Bg2 dxc4 7. O-O Nc6 8. Qa4
Nd5 9. Qc2 Be7 10. Rd1 Rb8 11. e4 Nxc3 12. bxc3 b5 13. a4 b4 14. cxb4 Nxb4 15.
Qxc4 Ba6 16. Qc3 c5 17. Bf4 cxd4 18. Rxd4 Qc8 19. Qxc8 Rbxc8 20. Rd7 Bc5 21.
Bf1 Bxf1 22. Kxf1 Rfd8 23. Rad1 Rxd7 24. Rxd7 Bb6 25. Ng5 e5 26. Bxe5 f6 27.
Bd6 fxg5 28. Bxb4 Rc4 29. Be1 Rxa4 30. Bc3 Rc4 31. Rxg7+ Kf8 32. Bf6 Rxe4 33.
Rxg5 Rc4 34. Rf5 Kf7 35. Bh8+ Kg6 36. Rf6+ Kg5 37. h4+ Kg4 38. Kg2 Rc2 39. Rf4+
Kh5 40. g4+ 1-0

[Event "35 Andorra Open"]
[Site "Hotel Panorama [Ctra. de l'Oba"]
[Date "2017.07.30"]
[Round "9.9"]
[White "Farran Martos, Francesc X"]
[Black "Valsecchi, Alessio"]
[Result "0-1"]
[WhiteElo "2412"]
[BlackElo "2506"]
[PlyCount "68"]
[EventDate "2017.07.22"]

1. e4 c5 2. Nf3 e6 3. d4 cxd4 4. Nxd4 Nf6 5. Nc3 d6 6. g4 h6 7. Bg2 a6 8. h3
Qc7 9. Be3 Nc6 10. f4 Na5 11. Qe2 Nc4 12. O-O-O e5 13. Nf5 g6 14. g5 hxg5 15.
fxe5 gxf5 16. Bxg5 Nxb2 17. Kxb2 Qa5 18. exf6 Qb4+ 19. Kc1 Qxc3 20. exf5+ Kd8
21. Rd3 Qa1+ 22. Kd2 Qxa2 23. Re1 Qa4 24. Qe3 Qb4+ 25. Rc3 Bd7 26. Kd1 Rc8 27.
Rb3 Qc5 28. Qxc5 Rxc5 29. Be3 Rb5 30. Bb6+ Kc8 31. Rc3+ Kb8 32. Rc7 Bc6 33.
Bxc6 Rb1+ 34. Ke2 Rxb6 0-1

[Event "35 Andorra Open"]
[Site "Hotel Panorama [Ctra. de l'Oba"]
[Date "2017.07.30"]
[Round "9.10"]
[White "Zoler, Dan"]
[Black "Soham, Das"]
[Result "1-0"]
[WhiteElo "2499"]
[BlackElo "2020"]
[PlyCount "143"]
[EventDate "2017.07.22"]

1. d4 f5 2. c4 Nf6 3. g3 g6 4. Bg2 Bg7 5. Nf3 O-O 6. O-O d6 7. Nc3 Qe8 8. b3
Na6 9. Ba3 c6 10. Re1 b5 11. Bb2 Rb8 12. cxb5 cxb5 13. Rc1 b4 14. Nb1 Qb5 15.
Nbd2 Bb7 16. e3 Bd5 17. Nc4 Qb7 18. Qe2 Rfc8 19. Rc2 Be4 20. Nh4 Qb5 21. Bxe4
fxe4 22. Ng2 Nc7 23. Rec1 Ncd5 24. Kf1 a5 25. Nd2 Rxc2 26. Rxc2 Qd7 27. Kg1 a4
28. bxa4 Qxa4 29. Qc4 Qb5 30. Qxb5 Rxb5 31. Nb3 Rb7 32. Bc1 Nc3 33. Bd2 Nfd5
34. Nf4 Ra7 35. Nxd5 Nxd5 36. Kf1 e5 37. Ke2 Kf7 38. f3 exd4 39. exd4 exf3+ 40.
Kxf3 Ke6 41. Ke4 Nf6+ 42. Kd3 Nd5 43. Be1 Kd7 44. Rf2 Kc6 45. Kc4 Ne3+ 46. Kxb4
Rb7+ 47. Ka4 Ra7+ 48. Ba5 Nd1 49. d5+ Kb7 50. Rf7+ Kb8 51. Rxa7 Kxa7 52. Kb5
Kb7 53. Bd2 Nf2 54. Na5+ Kc7 55. Nc4 Ne4 56. Ba5+ Kb7 57. Bb4 Kc7 58. a4 Bd4
59. a5 h5 60. Na3 Be3 61. a6 Nf6 62. Ba5+ Kb8 63. Kc6 Ka7 64. Bd8 Ne8 65. Nc4
Bd4 66. Nxd6 Nxd6 67. Kxd6 Bg1 68. h4 Bh2 69. Kc6 Bxg3 70. d6 Kxa6 71. d7 Be1
72. Bg5 1-0

[Event "35 Andorra Open"]
[Site "Hotel Panorama [Ctra. de l'Oba"]
[Date "2017.07.30"]
[Round "9.11"]
[White "Caspi, Israel"]
[Black "Quintin Navarro, Alberto"]
[Result "1-0"]
[WhiteElo "2487"]
[BlackElo "2380"]
[PlyCount "75"]
[EventDate "2017.07.22"]

1. e4 c6 2. d4 d5 3. e5 Bf5 4. Nd2 e6 5. Nb3 Nd7 6. Nf3 a6 7. Be2 Rc8 8. O-O c5
9. dxc5 Bxc5 10. Nxc5 Nxc5 11. Nd4 Ne7 12. Be3 Bg6 13. c3 Nf5 14. Nxf5 Bxf5 15.
Bd4 O-O 16. Qd2 Bg6 17. Qe3 Nd7 18. Rac1 Qa5 19. a3 Qa4 20. h4 h6 21. h5 Bh7
22. g4 Qa5 23. f4 Be4 24. Bf3 Qb5 25. b4 a5 26. Bxe4 dxe4 27. Qxe4 axb4 28.
axb4 Ra8 29. Ra1 Ra6 30. Rxa6 Qxa6 31. f5 exf5 32. gxf5 Re8 33. Re1 Qb5 34. Qf4
Qc4 35. Qg3 Qc7 36. Re3 Ra8 37. e6 Ra1+ 38. Kh2 1-0

[Event "35 Andorra Open"]
[Site "Hotel Panorama [Ctra. de l'Oba"]
[Date "2017.07.30"]
[Round "9.12"]
[White "Akshat, Khamparia"]
[Black "Gozzoli, Yannick"]
[Result "1/2-1/2"]
[WhiteElo "2342"]
[BlackElo "2594"]
[PlyCount "57"]
[EventDate "2017.07.22"]

1. d4 Nf6 2. c4 e6 3. Nc3 Bb4 4. Qc2 O-O 5. e4 d6 6. e5 dxe5 7. dxe5 Ng4 8. Nf3
Nc6 9. Bf4 Nd4 10. Qd3 f6 11. Rd1 fxe5 12. Bg3 Qf6 13. Qe4 Qf5 14. Bd3 Nf6 15.
Qe3 Nxf3+ 16. gxf3 e4 17. fxe4 Qh5 18. e5 Bxc3+ 19. bxc3 Nd7 20. Be2 Qf5 21. h4
b6 22. h5 Nc5 23. h6 g6 24. Rg1 Bb7 25. Bh4 Rf7 26. Bf6 Rxf6 27. exf6 Qxf6 28.
Rg5 Bc6 29. Rd4 1/2-1/2

[Event "35 Andorra Open"]
[Site "Hotel Panorama [Ctra. de l'Oba"]
[Date "2017.07.30"]
[Round "9.13"]
[White "Llaneza Vega, Patricia"]
[Black "Degraeve, Jean-Marc"]
[Result "0-1"]
[WhiteElo "2271"]
[BlackElo "2585"]
[PlyCount "116"]
[EventDate "2017.07.22"]

1. e4 g6 2. d4 Bg7 3. Nc3 c6 4. Nf3 d5 5. h3 dxe4 6. Nxe4 Nh6 7. Bd3 Nf5 8. c3
O-O 9. O-O Qc7 10. Re1 Nd7 11. Ned2 Nf6 12. Nc4 c5 13. Nce5 cxd4 14. cxd4 Nd5
15. Bc4 Be6 16. Bb3 Qb6 17. Bxd5 Bxd5 18. Nd7 Qa5 19. Bd2 Bxf3 20. Bxa5 Bxd1
21. Raxd1 Rfc8 22. Bc3 Rd8 23. Ne5 e6 24. Nf3 Rd5 25. g4 Nd6 26. Bd2 Nb5 27.
Be3 Rad8 28. Rc1 h5 29. gxh5 Rxh5 30. Rc5 Nxd4 31. Bxd4 Bxd4 32. Rxh5 gxh5 33.
Re4 Bxb2 34. Rb4 Bf6 35. Rxb7 Rd3 36. Kg2 Ra3 37. Rb5 Rxa2 38. Rxh5 a5 39. h4
Kg7 40. Rb5 a4 41. Rb7 a3 42. Ra7 e5 43. Kg3 e4 44. Ng5 Bxg5 45. hxg5 Ra1 46.
Kg2 Kg6 47. Ra5 Kh5 48. Kh2 Kg4 49. Kg2 a2 50. g6 fxg6 51. Ra4 Kf5 52. Ra5+ Ke6
53. Ra6+ Kd7 54. Ra7+ Kc6 55. Ra6+ Kb5 56. Ra8 g5 57. Rb8+ Kc6 58. Ra8 g4 0-1

[Event "35 Andorra Open"]
[Site "Hotel Panorama [Ctra. de l'Oba"]
[Date "2017.07.30"]
[Round "9.14"]
[White "Andre, Gordon"]
[Black "Dvirnyy, Danyyil"]
[Result "0-1"]
[WhiteElo "2259"]
[BlackElo "2558"]
[PlyCount "66"]
[EventDate "2017.07.22"]

1. d4 d5 2. c4 e6 3. Nc3 c6 4. Nf3 dxc4 5. e3 b5 6. a4 Bb4 7. Bd2 a5 8. axb5
Bxc3 9. Bxc3 cxb5 10. b3 Bb7 11. bxc4 b4 12. Bb2 Nf6 13. Bd3 Nbd7 14. O-O O-O
15. Re1 Qc7 16. c5 Ne4 17. Nd2 Nxd2 18. Qxd2 e5 19. Bc4 Rfd8 20. Rac1 Qc6 21.
e4 Nxc5 22. Qg5 Nxe4 23. Qxe5 Nc3 24. Bf1 Re8 25. Qg3 Rxe1 26. Rxe1 Nd5 27. Rc1
Qd7 28. h4 a4 29. Bc4 h6 30. Kh2 a3 31. Ba1 Rc8 32. Qb3 Ba6 33. Rc2 Qc7+ 0-1

[Event "35 Andorra Open"]
[Site "Hotel Panorama [Ctra. de l'Oba"]
[Date "2017.07.30"]
[Round "9.15"]
[White "Sanchez, Louis"]
[Black "Baron, Tal"]
[Result "0-1"]
[WhiteElo "2229"]
[BlackElo "2547"]
[PlyCount "80"]
[EventDate "2017.07.22"]

1. Nf3 Nf6 2. c4 c5 3. Nc3 d5 4. cxd5 Nxd5 5. e4 Nb4 6. Bb5+ N8c6 7. d4 cxd4 8.
a3 dxc3 9. Qxd8+ Kxd8 10. axb4 cxb2 11. Bxb2 f6 12. Bxc6 bxc6 13. e5 Be6 14.
O-O Bd5 15. Rfc1 Kc7 16. Nd4 Kb6 17. e6 g6 18. b5 Bh6 19. Ra6+ Kb7 20. Rcxc6
Bxc6 21. Nxc6 Rhd8 22. Nxd8+ Rxd8 23. g3 Bc1 24. Ba1 Rd5 25. Ra4 Rxb5 26. Bxf6
exf6 27. Re4 Ba3 28. e7 Bxe7 29. Rxe7+ Kb6 30. Rxh7 a5 31. Rf7 Rf5 32. Rf8 a4
33. Rb8+ Ka5 34. g4 Rf4 35. h3 a3 36. Kg2 Ra4 37. Rb1 a2 38. Ra1 Kb4 39. h4 Kb3
40. Kg3 Kb2 0-1

[Event "35 Andorra Open"]
[Site "Hotel Panorama [Ctra. de l'Oba"]
[Date "2017.07.30"]
[Round "9.16"]
[White "Steinberg, Nitzan"]
[Black "Akash Pc, Iyer"]
[Result "1/2-1/2"]
[WhiteElo "2543"]
[BlackElo "2300"]
[PlyCount "112"]
[EventDate "2017.07.22"]

1. e4 e5 2. Nf3 Nc6 3. Bb5 a6 4. Ba4 Nf6 5. O-O b5 6. Bb3 Bc5 7. Nc3 O-O 8. d3
h6 9. Nd5 d6 10. Be3 Nd7 11. c3 Bxe3 12. Nxe3 Ne7 13. d4 Bb7 14. Bc2 Ng6 15.
Re1 Nf6 16. Nf5 Re8 17. a4 Qc8 18. d5 Qd7 19. b3 Red8 20. c4 bxc4 21. bxc4 a5
22. c5 dxc5 23. Rb1 Ba6 24. Qd2 c6 25. d6 Bc4 26. Red1 Be6 27. Qe3 Qa7 28. g3
c4 29. Qb6 Rdc8 30. h4 Qxb6 31. Rxb6 Nd7 32. Rbb1 Rab8 33. h5 Bxf5 34. exf5
Ngf8 35. Rxb8 Rxb8 36. Be4 Rb6 37. Nd2 Nc5 38. Bc2 Rb2 39. Rc1 Rb4 40. Bd1 Nb3
41. Rc2 Nxd2 42. Rxd2 c3 43. d7 Nxd7 44. Rxd7 Rb2 45. Rd8+ Kh7 46. Rd7 f6 47.
Rd8 c5 48. Kf1 c4 49. Rd5 c2 50. Bxc2 Rxc2 51. Rxa5 Ra2 52. Ra8 e4 53. Rc8 Rxa4
54. Kg2 Rb4 55. g4 Ra4 56. Kg3 Ra3+ 1/2-1/2

[Event "35 Andorra Open"]
[Site "Hotel Panorama [Ctra. de l'Oba"]
[Date "2017.07.30"]
[Round "9.17"]
[White "Riff, Jean-Noel"]
[Black "Shevelev, Dmitri"]
[Result "1-0"]
[WhiteElo "2493"]
[BlackElo "2283"]
[PlyCount "51"]
[EventDate "2017.07.22"]

1. e4 c6 2. d4 d5 3. Nc3 dxe4 4. Nxe4 Bf5 5. Ng3 Bg6 6. Nh3 e6 7. Bc4 Bd6 8.
O-O Qc7 9. f4 Ne7 10. Ng5 h6 11. N5e4 Nd7 12. c3 Nf6 13. Nxd6+ Qxd6 14. a4 h5
15. b3 h4 16. Ba3 Qd7 17. Nh1 h3 18. g3 Ned5 19. Qe1 Be4 20. Nf2 Bg2 21. Nd3
Ne4 22. Ne5 Qc7 23. f5 Bxf1 24. fxe6 f5 25. Qxf1 g6 26. Bxd5 1-0

[Event "35 Andorra Open"]
[Site "Hotel Panorama [Ctra. de l'Oba"]
[Date "2017.07.30"]
[Round "9.18"]
[White "Llaneza Vega, Marcos"]
[Black "Serra Pages, Jordi"]
[Result "1/2-1/2"]
[WhiteElo "2416"]
[BlackElo "2232"]
[PlyCount "49"]
[EventDate "2017.07.22"]

1. e4 e5 2. Nf3 Nc6 3. Bb5 a6 4. Ba4 Nf6 5. d4 exd4 6. O-O Be7 7. e5 Ne4 8.
Nxd4 Nxd4 9. Qxd4 Nc5 10. Nc3 O-O 11. Bf4 Ne6 12. Qd2 Nxf4 13. Qxf4 d5 14. exd6
Bxd6 15. Qf3 Qh4 16. h3 Qf4 17. Qxf4 Bxf4 18. Rad1 Be6 19. Bd7 Bxd7 20. Rxd7
Rfd8 21. Rfd1 Bd6 22. Rxd8+ Rxd8 23. Kf1 Kf8 24. Ne4 Ke7 25. Nxd6 1/2-1/2

[Event "35 Andorra Open"]
[Site "Hotel Panorama [Ctra. de l'Oba"]
[Date "2017.07.30"]
[Round "9.19"]
[White "Ajay, Karthikeyan"]
[Black "Arjun, Kalyan"]
[Result "1/2-1/2"]
[WhiteElo "2187"]
[BlackElo "2347"]
[PlyCount "88"]
[EventDate "2017.07.22"]

1. d4 d5 2. Nf3 Nf6 3. c4 c6 4. g3 Bg4 5. Bg2 e6 6. O-O Nbd7 7. b3 Bd6 8. Bb2
O-O 9. Nc3 Qe7 10. h3 Bh5 11. g4 Bg6 12. e3 Ne4 13. Nd2 Nxc3 14. Bxc3 Bd3 15.
Re1 f5 16. f4 Be4 17. Nxe4 fxe4 18. g5 b5 19. c5 Bc7 20. a4 a6 21. Qe2 Rfb8 22.
axb5 axb5 23. Rxa8 Rxa8 24. Ra1 Qd8 25. Qb2 g6 26. Ra2 Qb8 27. Qa1 Rxa2 28.
Qxa2 Qb7 29. h4 Nf8 30. Bf1 Kf7 31. Kf2 Ke7 32. Ke1 Kd7 33. Kd1 Kc8 34. Kc1 Bb8
35. Qh2 Qf7 36. Be2 Bc7 37. Bg4 Kb7 38. Kb2 Qe8 39. h5 Qf7 40. hxg6 hxg6 41.
Be1 Kc8 42. b4 Kd7 43. Bg3 Qh7 44. Qg1 Kc8 1/2-1/2

[Event "35 Andorra Open"]
[Site "Hotel Panorama [Ctra. de l'Oba"]
[Date "2017.07.30"]
[Round "9.20"]
[White "Bergsson, Stefan"]
[Black "Landa, Konstantin"]
[Result "0-1"]
[WhiteElo "2060"]
[BlackElo "2617"]
[PlyCount "42"]
[EventDate "2017.07.22"]

1. c4 e5 2. Nc3 Bb4 3. g3 Bxc3 4. dxc3 d6 5. Bg2 Ne7 6. b3 Nbc6 7. e4 Be6 8. a4
Qd7 9. a5 O-O 10. h4 b6 11. axb6 axb6 12. Rxa8 Rxa8 13. f4 exf4 14. gxf4 f5 15.
Nh3 fxe4 16. Nf2 e3 17. Ne4 Ra2 18. Rg1 d5 19. Nf6+ gxf6 20. cxd5 Kf8 21. dxe6
Qxe6 0-1

[Event "35 Andorra Open"]
[Site "Hotel Panorama [Ctra. de l'Oba"]
[Date "2017.07.30"]
[Round "9.21"]
[White "Loiseau, Quentin"]
[Black "Cortes Jurado, Rafael"]
[Result "1-0"]
[WhiteElo "2424"]
[BlackElo "2097"]
[PlyCount "51"]
[EventDate "2017.07.22"]

1. Nf3 Nf6 2. c4 g6 3. Nc3 d5 4. Qa4+ c6 5. cxd5 Nxd5 6. Qd4 f6 7. e4 Nb6 8.
Qxd8+ Kxd8 9. d4 Be6 10. Bd3 N8d7 11. Bf4 Bg7 12. O-O-O Ke8 13. h3 Kf7 14. Bc2
h5 15. d5 cxd5 16. exd5 Bf5 17. Bxf5 gxf5 18. Nh4 Rac8 19. Nxf5 Rc4 20. g3 Na4
21. Rhe1 Ne5 22. Nxg7 Nxc3 23. bxc3 Kxg7 24. Rxe5 Rxf4 25. Rxe7+ Kf8 26. Rde1
1-0

[Event "35 Andorra Open"]
[Site "Hotel Panorama [Ctra. de l'Oba"]
[Date "2017.07.30"]
[Round "9.22"]
[White "Tahay, Alexis"]
[Black "Palacios Herrero, Pablo"]
[Result "0-1"]
[WhiteElo "2290"]
[BlackElo "2122"]
[PlyCount "122"]
[EventDate "2017.07.22"]

1. e4 e6 2. d4 d5 3. Nd2 Nf6 4. e5 Nfd7 5. Bd3 c5 6. c3 Nc6 7. Ngf3 Be7 8. O-O
a5 9. a4 g5 10. dxc5 Nxc5 11. Bb5 Nd7 12. Qe2 Qc7 13. Re1 Nf8 14. c4 g4 15. Nd4
Bd7 16. Bxc6 bxc6 17. Qxg4 Ng6 18. cxd5 cxd5 19. f4 Rb8 20. N2f3 Rb4 21. b3 Bc5
22. Be3 Qb6 23. Kh1 Bxd4 24. Nxd4 Rxd4 25. b4 axb4 26. a5 Qa7 27. Rab1 O-O 28.
Qg3 Qxa5 29. Bxd4 Rc8 30. Rec1 Rc4 31. Qg5 Rxd4 32. Ra1 Rc4 33. f5 Rxc1+ 34.
Qxc1 Qd8 35. fxg6 hxg6 36. Ra7 Bb5 37. Qf4 Qf8 38. Rb7 Bc4 39. h4 b3 40. h5
gxh5 41. Qg5+ Kh7 42. Qxh5+ Kg7 43. Kh2 b2 44. Kg3 Bd3 45. Qg5+ Bg6 46. Kh2 Kh7
47. Rxb2 Qh6+ 48. Qxh6+ Kxh6 49. g4 Kg5 50. Kg3 f5 51. exf6 Kxf6 52. Rb5 Bd3
53. Rb6 Ke5 54. g5 Kf5 55. Kh4 d4 56. Rd6 Ke5 57. Rd8 Bf5 58. Kg3 Ke4 59. Kf2
Kf4 60. Rg8 d3 61. Kf1 Ke3 0-1

[Event "35 Andorra Open"]
[Site "Hotel Panorama [Ctra. de l'Oba"]
[Date "2017.07.30"]
[Round "9.23"]
[White "Rohith, Krishna S"]
[Black "Morros Faura, Ricard"]
[Result "1/2-1/2"]
[WhiteElo "2137"]
[BlackElo "2270"]
[PlyCount "60"]
[EventDate "2017.07.22"]

1. d4 Nf6 2. Nf3 g6 3. g3 Bg7 4. Bg2 O-O 5. O-O d6 6. c4 Nc6 7. b3 a6 8. Bb2 e5
9. dxe5 Ng4 10. Nc3 Ngxe5 11. Nxe5 Nxe5 12. Qc2 Bf5 13. e4 Be6 14. h3 f5 15. f4
Nc6 16. Kh2 g5 17. exf5 Bxf5 18. Ne4 gxf4 19. Rxf4 Ne5 20. Raf1 Qd7 21. Nf6+
Rxf6 22. Rxf5 Rxf5 23. Rxf5 c6 24. c5 Re8 25. Rh5 h6 26. Bc1 Re6 27. cxd6 Rxd6
28. Bf4 Re6 29. Be4 Qd4 30. Bg2 Qd3 1/2-1/2

[Event "35 Andorra Open"]
[Site "Hotel Panorama [Ctra. de l'Oba"]
[Date "2017.07.30"]
[Round "9.24"]
[White "Roman Lopez, Jesus"]
[Black "Romero Pallares, Daniel"]
[Result "0-1"]
[WhiteElo "1966"]
[BlackElo "2248"]
[PlyCount "84"]
[EventDate "2017.07.22"]

1. e4 g6 2. f4 Bg7 3. Nc3 c6 4. Bc4 d5 5. exd5 b5 6. Bb3 b4 7. Nce2 cxd5 8. Nf3
Nf6 9. a3 bxa3 10. Rxa3 O-O 11. O-O Nc6 12. d3 e6 13. Kh1 d4 14. Ba4 Bb7 15.
Bxc6 Bxc6 16. Nexd4 Bb7 17. c3 Nd5 18. Qb3 Qe7 19. c4 Nf6 20. Bd2 Rfb8 21. Qc2
Ng4 22. Nb5 a6 23. Nc3 Bd4 24. Nd1 Bxb2 25. Rb3 Bg7 26. h3 Nf6 27. Bc3 Nh5 28.
Bxg7 Kxg7 29. Qb2+ Kg8 30. Kh2 a5 31. Ne5 a4 32. Ra3 Bxg2 33. Qxg2 Qxa3 34. Nc6
Rc8 35. d4 Qd6 36. d5 exd5 37. cxd5 Re8 38. Nc3 Qc5 39. Rc1 Qe3 40. Na2 Qxf4+
41. Kg1 Ng3 42. Rd1 Re2 0-1